00536 a2200157 450000500170000002000180001710000140003524500610004925000120011026000240012230000450014670000160019194200130020799900150022095201430023520260314122707.0 a9781526421180 aCARROLL,M aUnderstanding Teaching and Learning in Primary Education a2nd Ed. aLondonbSAGE c2018 axxiii,395p;ill;charts,tablebIndexc21cm aMCCULLOCH,M 2ddccBKS c6837d6837 r2026-03-14 12:36:48l0o372.21 CARpMBY0001136v237000.00w2026-03-14yBKS102ddc407000a002b002cGENd2026-02-23eDONATIONg79000.00